000 00646nam a2200229 4500
003 OSt
005 20240615021456.0
006 a
008 240615b |||||||| |||| 00| 0 eng d
020 _a9781849205696
040 _aDWCL-Main lib.
_cOC
082 _aCirc. 658.22 K44c 2011
100 _aTadajewski, Mark
245 _aKey concepts in critical management studies /
260 _aLos Angeles :
_bSAGE Pub.,
_cc2011.
300 _aix,
_b229 p. ;
_c21 cm.
650 _a1. Management.
650 _a2. Social sciences and management.
650 _a3. Critical theory.
700 _aMark Tadajewski
942 _2ddc
_n0
_cBK-CIRC
_kCirc.
999 _c750
_d750